| 000 | 00975nam a22003137a 4500 | ||
|---|---|---|---|
| 003 | CHAP | ||
| 005 | 20220329140058.0 | ||
| 008 | 971013s1966 r 00010 d | ||
| 010 | _a46652 | ||
| 011 | _a47624 | ||
| 035 | _a51767 | ||
| 040 | _cCHAP | ||
| 082 |
_a962.04 _bT5 |
||
| 100 | 0 | 0 |
_aTignor, Robert L. _9113278 |
| 245 | _aModernization and British colonial rule in Egypt, 1982-1914 | ||
| 260 |
_aPrinceton, N.J. : _bPrinceton University, _c1966 |
||
| 300 | _a417 p. | ||
| 590 |
_aBATCH-UPD _b10 _c20130110 _lUCH01 _h2139 |
||
| 590 |
_aBATCH-UPD _b10 _c20130410 _lUCH01 _h1448 |
||
| 590 |
_aBATCH-UPD _b10 _c20130914 _lUCH01 _h1010 |
||
| 590 |
_aCONVERSION _b10 _c20130109 _lUCH01 _h1325 |
||
| 650 | 1 | 4 |
_aAgricultura _xEgipto. _91410 |
| 650 | 1 | 4 |
_aColonias en Egipto. _925384 |
| 650 | 1 | 4 |
_aColonias y colonización. _925385 |
| 650 | 1 | 4 |
_aGran BretaƱa _xColonias. _950303 |
| 901 | _aBK | ||
| 942 | _cLIBRO | ||
| 949 |
_a962.04 T5 _bBC _cBPA _d-115675 _eBPA _h15587 _i51767 _si |
||
| 999 |
_c46652 _d46652 |
||